ਹਾਇਕੂ-ਸੰਵੇਦਨਾ / (Record no. 50797)

MARC details
000 -LEADER
fixed length control field 01036nam a22002537a 4500
005 - DATE AND TIME OF LATEST TRANSACTION
control field 20090825120337.0
008 - FIXED-LENGTH DATA ELEMENTS--GENERAL INFORMATION
fixed length control field 090728t xxu||||| |||| 00| 0 pun d
010 ## - LCCN (DPL NO)
LC control number PUN-6864
020 ## - INTERNATIONAL STANDARD BOOK NUMBER
Terms of availability 100.00
035 ## - SYSTEM CONTROL NUMBER
System control number PN-5982
037 ## - SOURCE OF ACQUISITION
Source of stock number/acquisition DBAD / PUB
040 ## - CATALOGING SOURCE
Original cataloging agency dpl
Language of cataloging pn
082 ## - DEWEY DECIMAL CLASSIFICATION NUMBER
Classification number 851
100 ## - MAIN ENTRY--PERSONAL NAME
9 (RLIN) 24414
Personal name ਚਾਵਲਾ, ਕਸ਼ਮੀਰੀ ਲਾਲ
245 ## - TITLE STATEMENT
Title ਹਾਇਕੂ-ਸੰਵੇਦਨਾ /
Statement of responsibility, etc ਕਸ਼ਮੀਰੀ ਲਾਲ ਚਾਵਲਾ
246 ## - VARYING FORM OF TITLE
Title proper/short title Haiku Sanvedna
Remainder of title by Kashmiri Lal chawla
260 ## - PUBLICATION, DISTRIBUTION, ETC. (IMPRINT)
Place of publication, distribution, etc Muktsar (punjab)
Name of publisher, distributor, etc Amarjyoti Parkashan
Date of publication, distribution, etc 2010
270 ## - ADDRESS
Address 822,Kacha ferozepur Rd.
City Muktsar (Punjab )
Telephone number 098148-14791, 01633-261791
Postal code 152026
Electronic mail address .
300 4# - PHYSICAL DESCRIPTION
Extent 80 ਸਫੇ
Dimensions 22 ਸੇਮੀ (ਸਜਿਲੱਦ)
650 ## - SUBJECT ADDED ENTRY--TOPICAL TERM
9 (RLIN) 24412
Topical term or geographic name as entry element ਹਾਇਕੂ-ਕਵਿਤਾਵਾਂ
650 ## - SUBJECT ADDED ENTRY--TOPICAL TERM
Topical term or geographic name as entry element Haiku Poems
9 (RLIN) 24431
942 ## - ADDED ENTRY ELEMENTS (KOHA)
Source of classification or shelving scheme Dewey Decimal Classification
Item type Punjabi Bks
Classification part 851
Call number suffix ਚਾਵਲਾ
Holdings
Withdrawn status Lost status Source of classification or shelving scheme Damaged status Not for loan Collection code Home library Current library Date acquired Source of acquisition Cost, normal purchase price Total Checkouts Full call number Barcode Date last seen Copy number Cost, replacement price Koha item type
    Dewey Decimal Classification     Non-fiction D.B.Act.Division D.B.Act.Division 28/02/2011 DBAD/PUB 100.00   851 ਚਾਵਲਾ PN-5982 28/02/2011 1 100.00 Punjabi Bks

© Delhi Public Library
Hit Counter
free hit counter